| 000 | 01839 a2200277 4500 | ||
|---|---|---|---|
| 005 | 20081117100635.0 | ||
| 008 | 081117t xxu||||| |||| 00| 0 hin d | ||
| 010 | _aB-307378-380 | ||
| 020 |
_a8176750042 _c250.00 |
||
| 035 | _aB-307378-380 | ||
| 037 | _bवाणी प्रका. | ||
| 040 |
_adpl _bhn |
||
| 082 | _a821.08 | ||
| 100 | _aश्रीवास्तव, परमानंद | ||
| 245 |
_aकविता का अर्थात् / _cपरमानंद श्रीवास्तव |
||
| 260 |
_aपंचकूला _bआधार प्रकाशन _c1999 |
||
| 260 |
_aदिल्ली _bवाणी प्रकाशन (वितरक) |
||
| 270 |
_aएस.सी.एफ. 267, सेक्टर-16 _bपंचकूला _c(हरियाणा) _e134113 |
||
| 270 |
_a21-ए, दरियागंज _bदिल्ली |
||
| 300 |
_a276पृ _c22 सेमी (सजिल्द) |
||
| 942 |
_adpl _cHN _2ddc _mश्रीवास्त _h821.08 |
||
| 999 |
_c12981 _d12981 |
||